[Event "GER-ch U10"]
[Site "Winterberg"]
[Date "2002.05.23"]
[Round "9"]
[White "Spangenberg, Pia"]
[Black "Jung, Celine Laura"]
[Result "0-1"]
[WhiteElo "1036"]
[BlackElo "595"]
[PlyCount "52"]
[EventDate "2002.05.19"]
[EventType "swiss"]
[EventRounds "11"]
[EventCountry "GER"]
[SourceTitle "CBM 088 Extra"]
[Source "ChessBase"]
[SourceDate "2002.07.01"]
[SourceVersion "2"]
[SourceVersionDate "2002.07.01"]
[SourceQuality "1"]

1. e4 e5 2. Nf3 Nc6 3. Bc4 Bc5 4. c3 Nf6 5. d4 exd4 6. cxd4 Bb4+ 7. Bd2 Nxe4 8. 0-0 0-0 9. Bxb4 Nxb4 10. Nbd2 Nxd2 11. Qxd2 Nc6 12. Rfe1 d6 13. Re3 Bg4 14. Rae1 Qd7 15. Bb5 a6 16. Bd3 Bxf3 17. Rxf3 Nxd4 18. Rh3 h6 19. Qf4 Ne6 20. Qg3 Rfe8 21. Kf1 Ng5 22. Rh5 Rxe1+ 23. Kxe1 Re8+ 24. Kf1 Ne4 25. Bxe4 Rxe4 26. Rxh6 Qb5+ 0-1